Dudziramutauro / (Record no. 4649)
[ view plain ]
| 000 -LEADER | |
|---|---|
| fixed length control field | 01037cam a2200313 a 4500 |
| 001 - CONTROL NUMBER | |
| control field | 11912474 |
| 003 - CONTROL NUMBER IDENTIFIER | |
| control field | GZU |
| 005 - DATE AND TIME OF LATEST TRANSACTION | |
| control field | 20210317094033.0 |
| 008 - FIXED-LENGTH DATA ELEMENTS--GENERAL INFORMATION | |
| fixed length control field | 991027s1999 rh a b 000 0 sna |
| 010 ## - LIBRARY OF CONGRESS CONTROL NUMBER | |
| LC control number | 99892422 |
| 020 ## - INTERNATIONAL STANDARD BOOK NUMBER | |
| International Standard Book Number | 0869227254 |
| 035 ## - SYSTEM CONTROL NUMBER | |
| System control number | (DLC) 99892422 |
| 040 ## - CATALOGING SOURCE | |
| Original cataloging agency | DLC |
| Transcribing agency | DLC |
| Modifying agency | DLC |
| 042 ## - AUTHENTICATION CODE | |
| Authentication code | lcode |
| 050 00 - LIBRARY OF CONGRESS CALL NUMBER | |
| Classification number | PL8681 |
| Item number | .M37 1999 |
| 100 1# - MAIN ENTRY--PERSONAL NAME | |
| Personal name | Mashiri, Pedzisai. |
| 245 10 - TITLE STATEMENT | |
| Title | Dudziramutauro / |
| Statement of responsibility, etc. | Pedzisai Mashiri naCanaan Warinda. |
| 246 1# - VARYING FORM OF TITLE | |
| Display text | Parallel title from t.p. verso: |
| Title proper/short title | Grammatical analysis of Shona |
| 260 ## - PUBLICATION, DISTRIBUTION, ETC. | |
| Place of publication, distribution, etc. | Gweru, Zimbabwe : |
| Name of publisher, distributor, etc. | Mambo Press, |
| Date of publication, distribution, etc. | 1999. |
| 300 ## - PHYSICAL DESCRIPTION | |
| Extent | xvi, 103 p. : |
| Other physical details | ill. ; |
| Dimensions | 21 cm. |
| 504 ## - BIBLIOGRAPHY, ETC. NOTE | |
| Bibliography, etc. note | Includes bibliographical references (p. 102-103). |
| 520 ## - SUMMARY, ETC. | |
| Summary, etc. | On Shona grammer. |
| 546 ## - LANGUAGE NOTE | |
| Language note | In Shona. |
| 650 #0 - SUBJECT ADDED ENTRY--TOPICAL TERM | |
| Topical term or geographic name entry element | Shona language |
| General subdivision | Grammar. |
| 700 1# - ADDED ENTRY--PERSONAL NAME | |
| Personal name | Warinda, Canaan. |
| 906 ## - LOCAL DATA ELEMENT F, LDF (RLIN) | |
| a | 7 |
| b | cbc |
| c | origode |
| d | 3 |
| e | ncip |
| f | 19 |
| g | y-gencatlg |
| 942 ## - ADDED ENTRY ELEMENTS (KOHA) | |
| Source of classification or shelving scheme | Library of Congress Classification |
| Koha item type | Books |
| Classification part | 8681 |
| Item part | MAS |
| Call number prefix | PL |
| Call number suffix | 1999 |
| Withdrawn status | Lost status | Damaged status | Not for loan | Collection code | Home library | Current library | Shelving location | Date acquired | Total Checkouts | Full call number | Barcode | Date last seen | Copy number | Price effective from | Koha item type | Source of classification or shelving scheme | Inventory number |
|---|---|---|---|---|---|---|---|---|---|---|---|---|---|---|---|---|---|
| Non-fiction | City Campus Library | City Campus Library | General Stacks | 03/17/2021 | PL8681 MAS 1999 | G21606 | 03/17/2021 | c.1 | 03/17/2021 | Books | |||||||
| Non-fiction | City Campus Library | City Campus Library | General Stacks | 03/29/2021 | PL8681 MAS 2000 | G21861 | 03/29/2021 | c.2 | 03/29/2021 | Books | |||||||
| Non-fiction | City Campus Library | City Campus Library | 04/14/2021 | PL8681 MAS 1999 | G21461 | 04/14/2021 | c.3 | 04/14/2021 | Books | ||||||||
| Non-fiction | City Campus Library | City Campus Library | General Stacks | 04/29/2021 | PL8681 MAS 1999 | 001261 | 04/29/2021 | c.4 | 04/29/2021 | Books | |||||||
| Non-fiction | City Campus Library | City Campus Library | Fiction | 01/18/2024 | PL8681 MAS 1999 | G22030 | 01/18/2024 | c. 7 | 01/18/2024 | Books | Library of Congress Classification | ||||||
| Non-fiction | Mashava Campus Library | Mashava Campus Library | General Stacks | 05/19/2021 | PL8681 MAS 1999 | G21421 | 05/19/2021 | c. 5 | 05/19/2021 | Books | Library of Congress Classification | 4420 | |||||
| Non-fiction | Mashava Campus Library | Mashava Campus Library | General Stacks | 05/21/2021 | PL8681 MAS 1999 | 013953 | 05/21/2021 | c. 6 | 05/21/2021 | Books | Library of Congress Classification | 5837 |